|
|
|
|
| LEADER |
00000nam0a2200000 4500 |
| 001 |
87123 |
| 005 |
20231031102035.0 |
| 035 |
|
|
|a (RuTPU)RU\TPU\book\93543
|
| 090 |
|
|
|a 87123
|
| 100 |
|
|
|a 20051205d1977 km y0rusy50 ca
|
| 101 |
0 |
|
|a rus
|
| 102 |
|
|
|a UA
|
| 105 |
|
|
|a y z 101zy
|
| 200 |
1 |
|
|a Минералогические критерии поисков редких и цветных металлов в пределах Украинского щита
|e Тезисы докладов республиканского симпозиума Домгопрудное май 1977
|f Академия наук Украинской ССР; Институт геохимии и физики минералов
|
| 210 |
|
|
|a Киев
|c Наукова думка
|d 1977
|
| 215 |
|
|
|a 156с.
|
| 320 |
|
|
|a Библиография в конце докладов.
|
| 610 |
1 |
|
|a геология
|
| 610 |
1 |
|
|a минералы
|
| 610 |
1 |
|
|a месторождения
|
| 610 |
1 |
|
|a редкие металлы
|
| 610 |
1 |
|
|a цветные металлы
|
| 610 |
1 |
|
|a поиск
|
| 610 |
1 |
|
|a разведка
|
| 610 |
1 |
|
|a минералогические критерии
|
| 610 |
1 |
|
|a Украина
|
| 610 |
1 |
|
|a симпозиумы
|
| 675 |
|
|
|a 553.4(063)
|v 3
|
| 712 |
0 |
2 |
|a Академия наук Украинской ССР
|2 stltpush
|3 (RuTPU)RU\TPU\col\332
|
| 712 |
0 |
2 |
|a Институт геохимии и физики минералов
|2 stltpush
|3 (RuTPU)RU\TPU\col\7865
|
| 712 |
0 |
2 |
|a Минералогические критерии поисков редких и цветных металлов в пределах Украинского щита
|b Республиканский симпозиум
|e Долгопрудное
|f 1977
|
| 801 |
|
1 |
|a RU
|b 63413507
|c 20051205
|g PSBO
|
| 801 |
|
2 |
|a RU
|b 63413507
|c 20060113
|g PSBO
|
| 942 |
|
|
|c BK
|